Sports Quiz

Random Sports or Football Quiz

NFL 70+ Receptions Season (2000s) Quiz Stats

 Plays Quiz Updated Dec 30, 2017

Score 0/112 Timer 15:00
3 Plays Today
# of Seasons Player % Correct
6Chad Ochocinco
89.6%
1Calvin Johnson
88.8%
4Andre Johnson
88.6%
6Keyshawn Johnson
88.4%
1Kevin Johnson
88.3%
1Eric Johnson
88.3%
6Randy Moss
87.6%
5Steve Smith
87.2%
1Steve Smith
87.2%
4Santana Moss
86.9%
6Rod Smith
86.9%
5Jimmy Smith
86.9%
9Tony Gonzalez
86.8%
7Marvin Harrison
86.7%
7Terrell Owens
85%
8Hines Ward
83.7%
4Larry Fitzgerald
83.3%
8Torry Holt
83.1%
6Reggie Wayne
80.9%
3Tim Brown
75.4%
3Troy Brown
75.3%
4Isaac Bruce
75.1%
5Antonio Gates
72.1%
3Jerry Rice
70.9%
1Sidney Rice
70.4%
1Ray Rice
70.3%
7Donald Driver
70.3%
2Darrell Jackson
68.3%
1Steven Jackson
68.3%
1Willie Jackson
68.2%
6Anquan Boldin
67%
1Freddie Jones
66.7%
4Jason Witten
62.2%
3Plaxico Burress
61.2%
3Roddy White
60.2%
3Wes Welker
58.8%
8Derrick Mason
56.3%
6T.J Houshmandzadeh
54.7%
# of Seasons Player % Correct
3Marques Colston
54.3%
1Roy Williams
53.6%
5Joe Horn
51%
1Santonio Holmes
49.9%
2Priest Holmes
49.8%
3Brandon Marshall
48.2%
3Marshall Faulk
47.8%
1Greg Jennings
44.5%
2Dallas Clark
44.5%
1Antonio Bryant
43.6%
1Ahman Green
43.6%
6Laveranues Coles
42.7%
1Lee Evans
40.9%
2LaDainian Tomlinson
40.8%
3Amani Toomer
40.7%
3Brian Westbrook
39%
2Cris Carter
38.8%
1Vernon Davis
37.7%
4Eric Moulds
37.6%
2Muhsin Muhammad
36.9%
4Keenan McCardell
36.5%
1Shannon Sharpe
35.6%
1Heath Miller
35.1%
2Dwayne Bowe
35%
1Jeremy Shockey
34.4%
1Braylon Edwards
32.6%
3David Boston
31.3%
1Javon Walker
31.1%
2Terry Glenn
31%
1Deion Branch
30.5%
1Miles Austin
30.3%
2Todd Heap
29.7%
2Tiki Barber
28.3%
1Lance Moore
27.9%
3Kellen Winslow
27.4%
1Joey Galloway
27.2%
1Chris Chambers
26.9%
2Reggie Bush
26.3%
# of Seasons Player % Correct
1Curtis Martin
25.8%
1Derrick Alexander
23.7%
1Peerless Price
21.1%
1Ed McCaffrey
20.4%
1Brent Celek
20%
2Chris Cooley
19.8%
1Richie Anderson
19.6%
3Jerricho Cotchery
18.5%
1Koren Robinson
18%
1Michael Clayton
17.2%
1Drew Bennett
17%
2Marty Booker
16.3%
1Steve Breaston
14.8%
1Jerry Porter
14.3%
1Bernard Berrian
11.9%
1Donte Stallworth
11.2%
1Owen Daniels
11.2%
1Kevin Curtis
10.7%
2Charlie Garner
10.6%
1Eddie Royal
10.3%
1Bobby Engram
10.3%
1Mike Furrey
10.2%
1Frank Wycheck
8%
1LaMont Jordan
7.8%
2Larry Centers
7.6%
1Johnnie Morton
7.4%
2Peter Warrick
6.8%
1Curtis Conway
6.3%
1Davone Bess
6.3%
1Qadry Ismail
6.1%
1Rod Gardner
5.6%
1Randy McMichael
5.5%
2Michael Pittman
5.4%
1Shaun McDonald
2.7%
1Jermaine Wiggins
2%
1Tai Streets
1.8%

You're not logged in!

Compare scores with friends on all Sporcle quizzes.
OR
Log In

Show Comments

Extras

Top Quizzes Today


Score Distribution

Your Account Isn't Verified!

In order to create a playlist on Sporcle, you need to verify the email address you used during registration. Go to your Sporcle Settings to finish the process.

Report this User

Report this user for behavior that violates our Community Guidelines.

Details: